000 00558nam a2200181 4500
003 CO-ViMGA
020 _a9789583037016
040 _aCO-ViMGA
_bspa
_cCO-ViMGA
082 0 4 _aCo863.6
_bS68r
100 1 _aSoto Aparicio, Fernando,
_d1933 -
_93349
245 1 0 _aLa rebelión de las ratas /
_cFernando Soto Aparicio.
260 _aColombia :
_bPanamericana,
_c2011.
300 _a352 p. :
_bil. ; 20.5 cm.
650 1 4 _aNovela colombiana.
_9588
650 1 4 _aProblemas sociales - Novela.
_95571
700 1 _aGonzalez,Henry,
_dil. ; 21 cm.
_95572
942 _cBK
_2ddc
999 _c11734
_d11734